[Event "Wch U14 Girls"]
[Site "Montesilvano"]
[Date "2023.11.17"]
[Round "5"]
[White "Agamyradova, Mahri"]
[Black "Piddubna, Bozhena"]
[Result "1/2-1/2"]
[WhiteElo "1652"]
[BlackElo "2081"]
[PlyCount "90"]
[EventDate "2023.11.13"]
[EventType "swiss"]
[EventRounds "11"]
[EventCountry "ITA"]
[SourceTitle "CB48_2023"]
[SourceDate "2023.11.29"]
[SourceVersion "1"]
[SourceVersionDate "2023.11.29"]
[SourceQuality "1"]

1. d4 Nf6 2. Nf3 b6 3. Bf4 Bb7 4. e3 Nh5 5. Bg3 Nxg3 6. hxg3 g6 7. Nbd2 Bg7 8. c3 d6 9. Bd3 Nd7 10. Qc2 c5 11. 0-0-0 a6 12. Rh2 b5 13. Rdh1 Nf8 14. Kb1 c4 15. Be2 Qd7 16. e4 Rc8 17. Ng5 h6 18. f4 Rg8 19. Nh3 Ne6 20. Bg4 h5 21. Bf3 b4 22. f5 Nf8 23. Nf2 Qb5 24. fxg6 fxg6 25. g4 bxc3 26. Qxc3 Ne6 27. a4 Qb6 28. Nxc4 Qxd4 29. Qxd4 Bxd4 30. Na5 Bxf2 31. Nxb7 Bg3 32. Rh3 h4 33. Rd1 Ng5 34. Rhh1 Rb8 35. Na5 Rb4 36. e5 Nxf3 37. gxf3 Bxe5 38. b3 g5 39. Kc2 Kf7 40. Rd3 Rc8+ 41. Kd2 Bf4+ 42. Ke2 Rc2+ 43. Ke1 Rc1+ 44. Rd1 Rc5 45. Nc4 Rxb3 1/2-1/2

[Event "Wch U14 Girls rapid"]
[Site "Batumi"]
[Date "2023.06.08"]
[Round "10"]
[White "Mkrtchyan, Anahit H"]
[Black "Agamyradova, Mahri"]
[Result "1-0"]
[WhiteElo "1414"]
[BlackElo "1572"]
[PlyCount "95"]
[EventDate "2023.06.06"]
[EventType "swiss (rapid)"]
[EventRounds "11"]
[EventCountry "GEO"]
[SourceTitle "EXT 2024"]
[Source "ChessBase"]
[SourceDate "2023.10.10"]
[SourceVersion "1"]
[SourceVersionDate "2023.10.10"]
[SourceQuality "1"]
[WhiteTeam "Armenia"]
[BlackTeam "Turkmenistan"]
[WhiteTeamCountry "ARM"]
[BlackTeamCountry "TKM"]

1. e4 e6 2. d4 d5 3. Nd2 dxe4 4. Nxe4 Nf6 5. Nxf6+ Qxf6 6. Nf3 h6 7. Bd3 Bd6 8. 0-0 0-0 9. b3 Nc6 10. Bb2 Qf4 11. Re1 Nb4 12. Re4 Qf6 13. Ne5 Nxd3 14. Nxd3 Qf5 15. Qe2 b6 16. Rg4 e5 17. h3 exd4 18. Bxd4 f6 19. Re1 Bb7 20. Qd2 h5 21. Rh4 Qd5 22. Rhe4 Qf5 23. R4e2 Qd5 24. Re4 Rae8 25. c4 Qxe4 26. Rxe4 Rxe4 27. Be3 Rfe8 28. c5 Be5 29. Nxe5 R4xe5 30. cxb6 cxb6 31. Qd7 R5e7 32. Qb5 h4 33. Qc4+ Re6 34. Qxh4 Rd6 35. Qc4+ Kh8 36. Qc7 Rd1+ 37. Kh2 Be4 38. Qf7 Red8 39. Qh5+ Kg8 40. Qg4 Bb1 41. Bh6 R1d7 42. Be3 Bh7 43. h4 f5 44. Qg5 Rf8 45. h5 Rdf7 46. Bf4 Kh8 47. h6 gxh6 48. Be5+ 1-0